Gobernación del Tucumán : (Record no. 184703)
[ view plain ]
| 000 -LEADER | |
|---|---|
| campo de control de longitud fija | 01097nam a2200241 i 4500 |
| 001 - NÚMERO DE CONTROL | |
| campo de control | 184703 |
| 003 - IDENTIFICADOR DE NÚMERO DE CONTROL | |
| campo de control | ES-MaACL |
| 005 - FECHA Y HORA DE LA ÚLTIMA TRANSACCIÓN | |
| campo de control | 20250902131139.0 |
| 008 - DATOS DE LONGITUD FIJA--INFORMACIÓN GENERAL | |
| campo de control de longitud fija | 151116s1918 sp |||| | spa d |
| 245 00 - MENCIÓN DEL TÍTULO | |
| Título | Gobernación del Tucumán : |
| Resto del título | correspondencia de los Cabildos en el siglo XVI : documentos del Archivo de Indias / |
| Mención de responsabilidad, etc. | publicación dirigida por Roberto Levillier ; prólogo de Adolfo Rodríguez del Busto. |
| 260 ## - PUBLICACIÓN, DISTRIBUCIÓN, ETC. | |
| Lugar de publicación, distribución, etc. | Buenos Aires : |
| Nombre del editor, distribuidor, etc. | Municipalidad, |
| Fecha de publicación, distribución, etc. | 1918. |
| 300 ## - DESCRIPCIÓN FÍSICA | |
| Extensión | XXIII, 501 p. ; |
| Dimensiones | 23 cm. |
| 490 1# - MENCIÓN DE SERIE | |
| Mención de serie | Colección de publicaciones históricas de la Biblioteca del Congreso argentino |
| 651 #4 - PUNTO DE ACCESO ADICIONAL DE MATERIA--NOMBRE GEOGRÁFICO | |
| Nombre geográfico | Tucumán (Gobernación)- |
| Subdivisión general | Historia. |
| 9 (RLIN) | 151017 |
| 651 #4 - PUNTO DE ACCESO ADICIONAL DE MATERIA--NOMBRE GEOGRÁFICO | |
| Nombre geográfico | Argentina- |
| Subdivisión general | Historia- |
| Subdivisión cronológica | 1535-1617- |
| Subdivisión de forma | Fuentes. |
| 9 (RLIN) | 158143 |
| 651 #4 - PUNTO DE ACCESO ADICIONAL DE MATERIA--NOMBRE GEOGRÁFICO | |
| Nombre geográfico | Santiago del Estero- |
| Subdivisión general | Historia. |
| 9 (RLIN) | 158144 |
| 700 1# - ENTRADA AGREGADA--NOMBRE PERSONAL | |
| Nombre de persona | Levillier, Roberto, |
| Fechas asociadas al nombre | 1886-1969 |
| 9 (RLIN) | 71965 |
| 700 0# - ENTRADA AGREGADA--NOMBRE PERSONAL | |
| Nombre de persona | Rodríguez del Busto, A. |
| 9 (RLIN) | 98483 |
| 710 2# - ENTRADA AGREGADA--NOMBRE DE ENTIDAD CORPORATIVA | |
| Nombre de entidad corporativa o nombre de jurisdicción como elemento de entrada | Archivo General de Indias. |
| 9 (RLIN) | 149748 |
| 830 0# - PUNTO DE ACCESO ADICIONAL DE SERIE-TÍTULO UNIFORME | |
| Título uniforme | Colección de publicaciones históricas de la Biblioteca del Congreso argentino |
| 9 (RLIN) | 192228 |
| 852 ## - LOCALIZACIÓN | |
| Ubicación | ES-MaACL |
| Número de control de estantería | C-7170 |
| Estatus retirado | Estado de pérdida | Estado de daño | No para préstamo | Biblioteca de origen | Biblioteca actual | Ubicación en estantería | Fecha de adquisición | Fuente de adquisición | Total de préstamos | Signatura topográfica completa | Código de barras | Visto por última vez | Precio de reemplazo | Tipo de ítem Koha |
|---|---|---|---|---|---|---|---|---|---|---|---|---|---|---|
| Biblioteca del Ateneo de Madrid | Biblioteca del Ateneo de Madrid | Sala Palomar | 16/11/2015 | C-7170 | 1194472 | 23/02/2023 | 23/02/2023 | Libro impreso |
